| 000 | 00389nam a2200169Ia 4500 | ||
|---|---|---|---|
| 005 | 20250423101629.0 | ||
| 008 | 250422s9999 xx 000 0 und d | ||
| 020 | _a978-0-7897-4710-3 | ||
| 100 | _aMueller Scott | ||
| 245 | 0 | _aUpgrading and Repairing PCs, | |
| 260 | _aInianapolis | ||
| 260 | _bQUE | ||
| 260 | _c2011 | ||
| 300 | _a1080 p | ||
| 650 | _aMicro Computer | ||
| 942 | _cBK | ||
| 999 |
_c36810 _d36810 |
||